Southville International School and Colleges
Your cart is empty.
  • Cart
  • Lists
    Public lists Eva Luna New books Lux_list list_1
    Your lists Log in to create your own lists
  • Log in to your account
  • Your cookies
  • Search history
Southville International School and Colleges
  • Advanced search
  • Recent comments
  • Most popular
  • Libraries

Log in to your account

Log in with GOOGLE


If you do not have an external account, but do have a local account, you can still log in:

  1. Home
  2. MARC view: Emily Post's weddings /
Normal view MARC view ISBD view

Emily Post's weddings / (Record no. 283986)

[ view plain ]
MARC details
000 -LEADER
fixed length control field 00974cam a22003135a 4500
001 - CONTROL NUMBER
control field 241044
003 - CONTROL NUMBER IDENTIFIER
control field PILC
005 - DATE AND TIME OF LATEST TRANSACTION
control field 20150514124521.0
008 - FIXED-LENGTH DATA ELEMENTS--GENERAL INFORMATION
fixed length control field 990315s1999 nyua 000 0 eng d
010 ## - LIBRARY OF CONGRESS CONTROL NUMBER
LC control number 99213852
020 ## - INTERNATIONAL STANDARD BOOK NUMBER
International Standard Book Number 0062735209 (spiral bdg) :
Terms of availability $20.00 ($29.00 Can.)
035 ## - SYSTEM CONTROL NUMBER
System control number (OCoLC)40959958
040 ## - CATALOGING SOURCE
Original cataloging agency PDoB
Transcribing agency PDoB
Modifying agency DLC
042 ## - AUTHENTICATION CODE
Authentication code lccopycat
050 00 - LIBRARY OF CONGRESS CALL NUMBER
Classification number BJ 2051
Item number .B864 1963
100 1# - MAIN ENTRY--PERSONAL NAME
Personal name Brody, Rosali.
245 10 - TITLE STATEMENT
Title Emily Post's weddings /
Statement of responsibility, etc Rosali Brody.
246 30 - VARYING FORM OF TITLE
Title proper/short title Wedding planner.
250 ## - EDITION STATEMENT
Edition statement 3rd ed.
260 ## - PUBLICATION, DISTRIBUTION, ETC. (IMPRINT)
Place of publication, distribution, etc New York, NY :
Name of publisher, distributor, etc HarperPerennial,
Date of publication, distribution, etc 1963.
300 ## - PHYSICAL DESCRIPTION
Extent vii, 113 pages :
Other physical details illustrations ;
Dimensions 25 cm.
500 ## - GENERAL NOTE
General note Include index.
650 #0 - SUBJECT ADDED ENTRY--TOPICAL TERM
Topical term or geographic name as entry element Wedding etiquette.
700 1# - ADDED ENTRY--PERSONAL NAME
Personal name Post, Emily,
Dates associated with a name 1873-1960.
710 2# - ADDED ENTRY--CORPORATE NAME
Corporate name or jurisdiction name as entry element Emily Post Institute.
856 42 - ELECTRONIC LOCATION AND ACCESS
Materials specified Publisher description
Uniform Resource Identifier <a href="http://www.loc.gov/catdir/description/hc042/99213852.html">http://www.loc.gov/catdir/description/hc042/99213852.html</a>
906 ## - LOCAL DATA ELEMENT F, LDF (RLIN)
a 0
b ibc
c copycat
d u
e ncip
f 19
g y-gencatlg
942 ## - ADDED ENTRY ELEMENTS (KOHA)
Source of classification or shelving scheme Library of Congress Classification
Koha item type Books
Holdings
Withdrawn status Lost status Source of classification or shelving scheme Damaged status Home library Current library Shelving location Date acquired Source of acquisition Total Checkouts Full call number Barcode Date last seen Price effective from Koha item type
    Library of Congress Classification   Archives Archives   05/14/2015 Donation   BJ 2051 .B864 1963 C19291 05/15/2018 05/14/2015 Books

Emily Post's weddings /

APA

Brody R., Post E. & Emily Post Institute. (1963). Emily Post's weddings. New York, NY: HarperPerennial.

Chicago

Brody Rosali, Post Emily and Emily Post Institute. 1963. Emily Post's weddings. New York, NY: HarperPerennial.

Harvard

Brody R., Post E. and Emily Post Institute. (1963). Emily Post's weddings. New York, NY: HarperPerennial.

MLA

Brody Rosali, Post Emily and Emily Post Institute. Emily Post's weddings. New York, NY: HarperPerennial. 1963.

  • Place hold
  • Print
  • Cite
  • Add to your cart (remove)
  • Save record
    BIBTEX Dublin Core MARCXML MARC (non-Unicode/MARC-8) MARC (Unicode/UTF-8) MARC (Unicode/UTF-8, Standard) MODS (XML) RIS
  • More searches
    Search for this title in:
    Other Libraries (WorldCat) Other Databases (Google Scholar) Online Stores (Bookfinder.com) Open Library (openlibrary.org)

Exporting to Dublin Core...

SOUTHVILLE LIBRARY

Southville International School and Colleges Library

1281 Tropical Ave. Cor. Luxembourg St., BF Homes International, Las Pinas City

Tel. No. 8256374 / 252358 Loc. 117/146

Powered by Koha